Normal view
MARC view
Entry Personal Name
001 - CONTROL NUMBER
- control field: 54784
003 - CONTROL NUMBER IDENTIFIER
- control field: dpl
005 - DATE AND TIME OF LATEST TRANSACTION
- control field: 20130116112122.0
008 - FIXED-LENGTH DATA ELEMENTS
- fixed length control field: 130116|||a|||||| | ||| d
040 ## - CATALOGING SOURCE
- Original cataloging agency: dpl
- Transcribing agency: dpl
100 ## - HEADING--PERSONAL NAME
- Personal name: Saikia, Mimi Das
670 ## - SOURCE DATA FOUND
- Source citation: Work cat.: (dpl): Das, Madan Mohan 54781, Watershed management /, 2013
670 ## - SOURCE DATA FOUND
- Source citation: Work cat.: (dpl): Das, Madan Mohan 54781, Watershed management /, 2013
